Introduction to Aircraft Aeroelasticity Loads (Record no. 23309)
[ view plain ]
| 000 -LEADER | |
|---|---|
| fixed length control field | 00458nam a22001337a 4500 |
| 003 - CONTROL NUMBER IDENTIFIER | |
| control field | NUST |
| 005 - DATE AND TIME OF LATEST TRANSACTION | |
| control field | 20170706111926.0 |
| 008 - FIXED-LENGTH DATA ELEMENTS--GENERAL INFORMATION | |
| fixed length control field | 170706b xxu||||| |||| 00| 0 eng d |
| 020 ## - INTERNATIONAL STANDARD BOOK NUMBER | |
| International Standard Book Number | 9780470858400 |
| 040 ## - CATALOGING SOURCE | |
| Original cataloging agency | DLC |
| Language of cataloging | DLC |
| Transcribing agency | RCMS |
| 050 ## - LIBRARY OF CONGRESS CALL NUMBER | |
| Classification number | 629.132 RWI |
| 082 ## - DEWEY DECIMAL CLASSIFICATION NUMBER | |
| Classification number | 629.132 RWI |
| 100 ## - MAIN ENTRY--PERSONAL NAME | |
| Personal name | Rwright Jan |
| 9 (RLIN) | 3164 |
| 245 ## - TITLE STATEMENT | |
| Title | Introduction to Aircraft Aeroelasticity Loads |
| 260 ## - PUBLICATION, DISTRIBUTION, ETC. | |
| Place of publication, distribution, etc. | USA |
| Name of publisher, distributor, etc. | John Wiley & Sons Inc., |
| Date of publication, distribution, etc. | 2009 |
| 300 ## - PHYSICAL DESCRIPTION | |
| Extent | 531 |
| Other physical details | HB |
| 942 ## - ADDED ENTRY ELEMENTS (KOHA) | |
| Koha item type | Book |
| Source of classification or shelving scheme | |
| Classification part | 629.132 RWI |
| Withdrawn status | Lost status | Damaged status | Not for loan | Collection code | Permanent Location | Current Location | Shelving location | Date acquired | Total Checkouts | Full call number | Barcode | Date last seen | Date last checked out | Price effective from | Koha item type |
|---|---|---|---|---|---|---|---|---|---|---|---|---|---|---|---|
| School of Interdisciplinary Engineering and Sciences (SINES) | School of Interdisciplinary Engineering and Sciences (SINES) | 03/11/2013 | 3 | 629.132 | RCMS002355 | 07/12/2021 | 09/02/2020 | 01/05/2017 | Book |
